00595nam a2200121Ia 4500008004100000082002900041100003700070245013400107260002400241300001100265502009400276650010300370120622s9999 xx 000 0 und d aT 305.906 923 M672n 2001 aMiranda Resendiz, Suahey Mildred aNiños de la calle : la creación de centros de apoyo para erradicar su problemática actual / Suahey Mildred Miranda Resendiz aMéxico : El autor a143 h. aTESIS (Lic. en derecho). -- Universidad Insurgentes. Plantel Tlalpan, Facultad de derecho a1. NIÑOS INDIGENTES \ 2. TRABAJO SOCIAL CON NIÑOS \ 3. INSTITUCIONES DE CUIDADOS INFANTILESÌ